000 00442nam a22001697a 4500
005 20251108170656.0
008 250721s1985 xx 000 0 eng d
082 1 4 _a218.6/BED
100 1 _aBediuzzaman, Said Nursi
245 1 0 _aSincerity and brotherhood /
264 1 _aIstanbul :
_bYein Asya Yayinlari,
_c1985.
300 _a52p.
490 0 _aThe risale nur collec ...
650 1 7 _aIslam ethics
942 _2ddc
_cBK
999 _c46330
_d46330